Guinea : Poverty Reduction Strategy Paper.

The health of the population in Guinea is also one of the determinants of poverty, owing to its impact on the ability of the population to work with vigor. There are large disparities depending on the urban/rural residence and administrative region. In terms of the poverty level of households, consu...

Deskribapen osoa

Xehetasun bibliografikoak
Erakunde egilea: International Monetary Fund
Formatua: Aldizkaria
Hizkuntza:English
Argitaratua: Washington, D.C. : International Monetary Fund, 2008.
Saila:IMF Staff Country Reports; Country Report ; No. 2008/007
Sarrera elektronikoa:Full text available on IMF
LEADER 01555cas a2200241 a 4500
001 AALejournalIMF009758
008 230101c9999 xx r poo 0 0eng d
020 |c 5.00 USD 
020 |z 9781451815320 
022 |a 1934-7685 
040 |a BD-DhAAL  |c BD-DhAAL 
110 2 |a International Monetary Fund. 
245 1 0 |a Guinea :   |b Poverty Reduction Strategy Paper. 
264 1 |a Washington, D.C. :  |b International Monetary Fund,  |c 2008. 
300 |a 1 online resource (139 pages) 
490 1 |a IMF Staff Country Reports 
500 |a <strong>Off-Campus Access:</strong> No User ID or Password Required 
500 |a <strong>On-Campus Access:</strong> No User ID or Password Required 
506 |a Electronic access restricted to authorized BRAC University faculty, staff and students 
520 3 |a The health of the population in Guinea is also one of the determinants of poverty, owing to its impact on the ability of the population to work with vigor. There are large disparities depending on the urban/rural residence and administrative region. In terms of the poverty level of households, consultation rates among households in the first and second quintiles (the poorest 40 percent) are considerably lower (67.7 percent and 74.3 percent, respectively) than the national average. Health sector financing remains weak. 
538 |a Mode of access: Internet 
830 0 |a IMF Staff Country Reports; Country Report ;  |v No. 2008/007 
856 4 0 |z Full text available on IMF  |u http://elibrary.imf.org/view/journals/002/2008/007/002.2008.issue-007-en.xml  |z IMF e-Library